Catálogo
 En Linea

Breve historia de las religiones / (Registro nro. 40020)

Detalles MARC
000 -CABECERA
campo de control de longitud fija 00649nam a2200181 a 4500
001 - NÚMERO DE CONTROL
campo de control 000040530
005 - FECHA Y HORA DE LA ÚLTIMA TRANSACCIÓN
campo de control 20201002034208.0
008 - DATOS DE LONGITUD FIJA--INFORMACIÓN GENERAL
campo de control de longitud fija 130830s2011 sp 000 0 spa d
020 ## - NÚMERO INTERNACIONAL ESTÁNDAR DEL LIBRO
Número Internacional Estándar del Libro 9788420660127
040 ## - FUENTE DE LA CATALOGACIÓN
Centro catalogador/agencia de origen DO-SdBNP
Lengua de catalogación spa
Centro/agencia transcriptor BNPHU
100 1# - ENTRADA PRINCIPAL--NOMBRE DE PERSONA
Nombre de persona Díez de Velasco Abellán, Francisco
Títulos y otros términos asociados al nombre 1960-
9 (RLIN) 66829
245 10 - MENCIÓN DE TÍTULO
Título Breve historia de las religiones /
Mención de responsabilidad, etc. Francisco Díez de Velasco Abellán.
260 ## - PUBLICACIÓN, DISTRIBUCIÓN, ETC.
Lugar de publicación, distribución, etc. Madrid :
Nombre del editor, distribuidor, etc. Alianza Editorial,
Fecha de publicación, distribución, etc. 2011.
300 ## - DESCRIPCIÓN FÍSICA
Extensión 277 p. ;
Dimensiones 18 cm.
490 1# - MENCIÓN DE SERIE
Mención de serie El libro del bolsillo
-- Religiones y mitología
Designación de volumen o secuencia 4112
500 ## - NOTA GENERAL
Nota general Segunda reimpresión
830 #0 - PUNTO DE ACCESO ADICIONAL DE SERIE-TÍTULO UNIFORME
Título uniforme El libro del bolsillo
-- Religiones y mitología
Designación de volumen o secuencia 4112
9 (RLIN) 66830
Existencias
Estado de retiro Estado de pérdida Restricciones de uso No para préstamo Código de colección Localización permanente Ubicación/localización actual Ubicación en estantería Fecha de adquisición Número de inventario Total de préstamos Signatura topográfica completa Código de barras Fecha visto por última vez Precio válido a partir de Tipo de ítem Koha
      Excluido de préstamo Monografías: Libros y Folletos General General En catalogación 30.08.2013 LF1   40530-10 25.06.2020 25.06.2020 No se presta

Con tecnología Koha